000
00213 a2200097 4500
001
26220
100
_a
Reynocds H.J
245
_a
analysis of cross classifications
260
_a
_b
N.C.C
_c
090
_c
17699
_d
17699
942
_a
NUST-CAE
_c
M
_c
8556
999
_c
261293
_d
261293